बांध्यावरच्या बाभळी (Record no. 66046)

MARC details
000 -LEADER
fixed length control field 00615nam a2200181Ia 4500
008 - FIXED-LENGTH DATA ELEMENTS--GENERAL INFORMATION
fixed length control field 090123s9999 xx 000 0 und d
082 ## - DEWEY DECIMAL CLASSIFICATION NUMBER
Item number 27690
100 ## - MAIN ENTRY--PERSONAL NAME
Personal name माडगुळकर ग.दी.
245 ## - TITLE STATEMENT
Title बांध्यावरच्या बाभळी
250 ## - EDITION STATEMENT
Edition statement 3
260 ## - PUBLICATION, DISTRIBUTION, ETC. (IMPRINT)
Name of publisher, distributor, etc रसिक साहित्य
300 ## - PHYSICAL DESCRIPTION
Extent 147
600 ## - SUBJECT ADDED ENTRY--PERSONAL NAME
Personal name माडगुळकर ग.दी.
630 ## - SUBJECT ADDED ENTRY--UNIFORM TITLE
Uniform title बांध्यावरच्या बाभळी
700 ## - ADDED ENTRY--PERSONAL NAME
Personal name माडगुळकर ग.दी.
730 ## - ADDED ENTRY--UNIFORM TITLE
Uniform title बांध्यावरच्या बाभळी
942 ## - ADDED ENTRY ELEMENTS (KOHA)
Koha item type Book
Holdings
Withdrawn status Lost status Damaged status Not for loan Home library Current library Date acquired Cost, normal purchase price Total Checkouts Full call number Barcode Date last seen Cost, replacement price Price effective from Koha item type
      Added to bundle Jawahar Wachalanalaya, Kalwa Jawahar Wachalanalaya, Kalwa 03/31/2002 125.00   27690 KLW-27690 01/23/2009 125.00 01/23/2009 Book